Batman villain actors - Statistics

General Stats
  • This quiz has been taken 65 times
  • The average score is 12 of 17
Answer Stats
Movie Villain Actor % Correct
The Dark Knight Joker Heath Ledger
98%
Batman Forever Riddler Jim Carrey
94%
Batman Joker Jack Nicholson
90%
Batman Returns Penguin Danny DeVito
88%
Suicide Squad Deadshot Will Smith
88%
The Dark Knight Rises Bane Tom Hardy
85%
The Dark Knight Rises Catwoman Anne Hathaway
83%
Suicide Squad Joker Jared Leto
81%
Suicide Squad Harley Quinn Margot Robbie
79%
Batman Forever Two Face Tommy Lee Jones
79%
Batman Returns Catwoman Michelle Pfeiffer
77%
Catwoman Catwoman Halle Berry
75%
Batman Begins Scarecrow Cillian Murphy
58%
The Dark Knight Two Face Aaron Eckhart
54%
Batman v Superman Lex Luthor Jesse Eisenberg
52%
Justice League Steppenwolf Ciaran Hinds
15%
Suicide Squad Killer Croc Adewale Akinnuoye Agbaje
13%
No matching quizzes found
Score Distribution
Percent of People with Each Score
Percentile by Number Answered
Your Score History
You have not taken this quiz